| 000 | 00728cam a22002171 4500 | ||
|---|---|---|---|
| 005 | 20260312020004.0 | ||
| 008 | 840418s1969 tz 001 0 swa | ||
| 010 | _a 75982921 | ||
| 020 | _a0195721691 | ||
| 040 |
_aKABLIB _cKABLIB _dDLC |
||
| 050 | 0 | 0 |
_aPR2798.S92 _bJ86 |
| 082 |
_223 _a496.392 _bSHA |
||
| 100 | 1 |
_aShakespeare, William, _d1564-1616. _95348 |
|
| 245 | 0 | 0 |
_aJuliasi Kaizari/ _cKimetafsiriwa na Julius K. Nyerere. |
| 260 |
_aDar-es-Salaam : _bOxford University Press, _cc1969. |
||
| 300 |
_aviii, 89 p. ; _c18cm. |
||
| 650 |
_aKiswahili _96896 |
||
| 655 | 7 |
_aDrama. _2lcgft _0https://id.loc.gov/authorities/genreForms/gf2014026297 _96222 |
|
| 700 | 1 |
_aNyerere, Julius K., _d1922-1999. _96808 |
|
| 942 |
_2ddc _cBOOK _01 |
||
| 999 |
_c5864 _d5864 |
||